| 000 | 00519nam a2200205Ia 4500 | ||
|---|---|---|---|
| 003 | OSt | ||
| 005 | 20251027093639.0 | ||
| 008 | 210210b2011 xxu||||| |||| 00| 0 eng d | ||
| 020 | _a8170866006 | ||
| 040 | _cAL | ||
| 041 | _aeng | ||
| 082 | _a238 MILY | ||
| 100 |
_aMiller Michael J Tr _9234904 |
||
| 245 |
_aYoucat _b: youth catechism of the catholic church |
||
| 260 |
_aBangalore _bAsian Trading Corporation _c2011 |
||
| 300 | _a303p. | ||
| 690 |
_aChristianity _9234911 |
||
| 906 | _a065611 | ||
| 942 |
_2ddc _cBK |
||
| 999 |
_c146468 _d146468 |
||